[Event "33rd World U20 ch"]
[Site "Matinhos BRA"]
[Date "1994.09.??"]
[Round "3"]
[White "Miladinovic, Igor"]
[Black "Leitao, Rafael"]
[Result "1-0"]
[WhiteElo "2500"]
[BlackElo "2335"]
[EventDate "1994.09.03"]
[PlyCount "111"]

1.d4 f5 2.Nf3 Nf6 3.Bf4 g6 4.e3 Bg7 5.Bc4 e6 6.Nc3 d6 7.h4 Qe7 8.Qe2 Nc6 
9.O-O-O h6 10.Bb3 Bd7 11.Kb1 O-O-O 12.Bg3 Rhe8 13.a3 Qf8 14.Nd2 Kb8 15.f3 
Nh5 16.Bf2 f4 17.Nde4 Ne7 18.g4 fxe3 19.Qxe3 Nf4 20.d5 Nc8 21.Bg3 Be5 22.
Bxf4 Bxf4 23.Qd3 Nb6 24.dxe6 Bxe6 25.Bxe6 Rxe6 26.Nd5 Nxd5 27.Qxd5 Re5 28.
Qd4 Qe7 29.Nc3 Qf7 30.Nd5 Rf8 31.Rd3 Re6 32.Rhd1 Be5 33.Qa4 c6 34.Nb4 Ka8 
35.c4 Qc7 36.Qb3 Ree8 37.Qc2 Qb6 38.Rb3 Qc7 39.Qxg6 Qf7 40.Qc2 Qe7 41.h5 
Rf4 42.Ka2 Qe6 43.Qg6 Rf6 44.Qd3 Rf4 45.Rc1 a5 46.Nxc6 bxc6 47.c5 Ka7 48.
Kb1 Rd4 49.Qc2 d5 50.Re1 Re7 51.Rb6 Rb7 52.Qb3 Rxb6 53.Qxb6+ Ka8 54.Qxa5+ 
Kb7 55.Re3 Kc8 56.Qe1 1-0

[Event "33rd World U20 ch"]
[Site "Matinhos BRA"]
[Date "1994.09.??"]
[Round "3"]
[White "Nalbandian, Tigran"]
[Black "Milanovic, Danilo"]
[Result "1-0"]
[WhiteElo "2455"]
[BlackElo "2325"]
[EventDate "1994.09.03"]
[PlyCount "93"]

1.Nf3 Nf6 2.d4 g6 3.Bf4 Bg7 4.e3 c5 5.Nbd2 b6 6.Be2 Bb7 7.O-O O-O 8.c3 d6 
9.h3 Nbd7 10.a4 Bc6 11.Ba6 Nd5 12.Bh2 Nc7 13.Bd3 e5 14.Qc2 f5 15.dxe5 dxe5
16.Be2 Qe7 17.Nc4 Rad8 18.Rad1 Nd5 19.Rd2 f4 20.e4 N5f6 21.Nd6 h6 22.Rfd1 
Kh7 23.Bb5 Ba8 24.Nh4 Nb8 25.Nf3 Nbd7 26.Ne1 Nb8 27.f3 g5 28.Kf1 h5 29.Nf5
Qc7 30.Rxd8 Rxd8 31.Rxd8 Qxd8 32.Qd3 Qxd3+ 33.Nxd3 Nfd7 34.Bc4 Bf8 35.h4 
Kg6 36.hxg5 Kxg5 37.g3 fxg3 38.Bxg3 Bc6 39.b3 Kf6 40.Bh4+ Kg6 41.Ne7+ Bxe7
42.Bxe7 Bb7 43.Be6 Ba6 44.c4 Kg7 45.Bd6 Kf6 46.Bh3 Kf7 47.Kf2 1-0

[Event "33rd World U20 ch"]
[Site "Matinhos BRA"]
[Date "1994.09.??"]
[Round "3"]
[White "Gretarsson, Helgi Ass"]
[Black "Dos Santos, Ramiro"]
[Result "1-0"]
[WhiteElo "2450"]
[BlackElo "2315"]
[EventDate "1994.09.03"]
[PlyCount "90"]

1.d4 d5 2.c4 dxc4 3.Nf3 Nf6 4.Qa4+ Nc6 5.Qxc4 Bg4 6.e3 e6 7.Nc3 Bd6 8.Be2 
O-O 9.h3 Bh5 10.O-O Qe7 11.a3 e5 12.b4 exd4 13.exd4 Rad8 14.Be3 Rfe8 15.
Rad1 a5 16.bxa5 Ra8 17.Qb5 Rxa5 18.Qxb7 Nd8 19.Qb2 Rxa3 20.Rfe1 c6 21.Ne5 
Bxe2 22.Rxe2 Bb4 23.Nb1 Ra8 24.Bg5 h6 25.Bh4 Ra5 26.Re3 Qb7 27.Bxf6 gxf6 
28.Nc4 Rxe3 29.Nxa5 Qe7 30.fxe3 Bxa5 31.Qa3 Qc7 32.Nd2 Bb6 33.Nc4 Ba7 34.
Qd6 Qc8 35.Qxf6 Ne6 36.Ne5 Ng5 37.Ng4 Ne4 38.Nxh6+ Kh7 39.Qxf7+ Kxh6 40.
Qf4+ Ng5 41.h4 Qb8 42.Qxg5+ Kh7 43.Rf1 Qc7 44.Qf5+ Kg7 45.Qe5+ Qxe5 1-0

[Event "33rd World U20 ch"]
[Site "Matinhos BRA"]
[Date "1994.09.??"]
[Round "3"]
[White "Riegler, Primoz"]
[Black "Kumaran, Dharshan"]
[Result "1/2-1/2"]
[WhiteElo "2250"]
[BlackElo "2495"]
[EventDate "1994.09.03"]
[PlyCount "70"]

1.e4 c6 2.d4 d5 3.Nd2 dxe4 4.Nxe4 Bf5 5.Ng3 Bg6 6.h4 h6 7.f4 e6 8.Nf3 Nd7 
9.h5 Bh7 10.Bd3 Bxd3 11.Qxd3 Ngf6 12.Bd2 Qc7 13.O-O-O Bd6 14.Ne5 Rf8 15.
Ne4 Nxe4 16.Qxe4 Nf6 17.Qf3 O-O-O 18.Kb1 c5 19.dxc5 Bxc5 20.Be3 Nd5 21.
Bxc5 Qxc5 22.Rd3 f6 23.Ng6 Rfe8 24.Rhd1 Ne3 25.Rxd8+ Rxd8 26.Rxd8+ Kxd8 
27.Qe4 Qxh5 28.Qxe3 Qxg6 29.Qd4+ Ke8 30.Qa4+ Kf8 31.Qb4+ Kg8 32.Qxb7 Qg4 
33.b3 Qd1+ 34.Kb2 Qd4+ 35.Ka3 Qxf4 1/2-1/2

[Event "33rd World U20 ch"]
[Site "Matinhos BRA"]
[Date "1994.09.??"]
[Round "3"]
[White "Escobedo Tinajero, Alberto"]
[Black "Barkhagen, Jonas"]
[Result "1-0"]
[WhiteElo "2325"]
[BlackElo "2400"]
[EventDate "1994.09.03"]
[PlyCount "57"]

1.d4 Nf6 2.c4 e6 3.Nc3 Bb4 4.Qc2 O-O 5.Nf3 b6 6.e4 Bb7 7.Bd3 d5 8.cxd5 
exd5 9.e5 Ne4 10.O-O Bxc3 11.bxc3 c5 12.Nd2 cxd4 13.Nxe4 dxe4 14.Bxe4 Nc6 
15.Rd1 Qh4 16.Bxc6 Bxc6 17.Rxd4 Qh5 18.Bf4 Rac8 19.Rad1 h6 20.Bg3 Rfe8 21.
Rh4 Qg5 22.f4 Qe7 23.f5 Qc5+ 24.Rdd4 Ba8 25.Rg4 Qa3 26.f6 g5 27.Qd2 Rxc3 
28.Rxg5+ Kf8 29.Rg8+ 1-0

[Event "33rd World U20 ch"]
[Site "Matinhos BRA"]
[Date "1994.09.??"]
[Round "3"]
[White "Fancsy, Imre"]
[Black "Cukier, Marcelo"]
[Result "0-1"]
[WhiteElo "2415"]
[BlackElo "2290"]
[EventDate "1994.09.03"]
[PlyCount "71"]

1.Nf3 c5 2.c4 Nc6 3.g3 g6 4.Bg2 Bg7 5.Nc3 e5 6.a3 Nge7 7.O-O O-O 8.Ne1 d6 
9.Nc2 f5 10.Rb1 f4 11.b4 g5 12.bxc5 dxc5 13.Ne4 g4 14.Nxc5 Bf5 15.d3 b6 
16.Ne4 Qc7 17.a4 Rad8 18.Ba3 Be6 19.Nd2 f3 20.Bh1 Bf5 21.Ne1 e4 22.exf3 
exf3 23.Ndxf3 gxf3 24.Bxf3 Ne5 25.Be2 Qb7 26.f4 N5c6 27.Bf3 Bd4+ 28.Kh1 
Qd7 29.Qb3 Rf7 30.Nc2 Bg7 31.Rbd1 Bg4 32.d4 Na5 33.Qd3 Bf5 34.Qe2 Kh8 35.
d5 Ng6 36.Nd4 0-1

[Event "33rd World U20 ch"]
[Site "Matinhos BRA"]
[Date "1994.09.??"]
[Round "3"]
[White "Votava, Jan"]
[Black "Pingitzer, Harald"]
[Result "1/2-1/2"]
[WhiteElo "2410"]
[BlackElo "2250"]
[EventDate "1994.09.03"]
[PlyCount "49"]

1.e4 c6 2.d4 d5 3.exd5 cxd5 4.c4 Nf6 5.Nf3 Nc6 6.Nc3 Bg4 7.cxd5 Nxd5 8.Be2
e6 9.O-O Be7 10.h3 Bh5 11.Qb3 Qb6 12.Qxb6 Nxb6 13.g4 Bg6 14.Be3 f6 15.Rfd1
O-O 16.d5 Nxd5 17.Nxd5 exd5 18.Rxd5 Rfd8 19.Rxd8+ Rxd8 20.a3 a6 21.b4 Bd3 
22.Kf1 Kf7 23.Ke1 Bxe2 24.Kxe2 Rd5 25.Rb1 1/2-1/2

[Event "33rd World U20 ch"]
[Site "Matinhos BRA"]
[Date "1994.09.??"]
[Round "3"]
[White "Pcola, Pavol"]
[Black "Del Rio Angelis, Salvador Gabriel"]
[Result "1-0"]
[WhiteElo "2280"]
[BlackElo "2350"]
[EventDate "1994.09.03"]
[PlyCount "81"]

1.c4 e5 2.Nc3 Nf6 3.g3 d5 4.cxd5 Nxd5 5.Bg2 Nb6 6.Nf3 Nc6 7.O-O Be7 8.d3 
O-O 9.a3 Re8 10.Be3 Bf8 11.Rc1 Nd4 12.b4 c6 13.Ne4 a5 14.Nc5 axb4 15.axb4 
Ra2 16.Bxd4 exd4 17.Rc2 Rxc2 18.Qxc2 Qf6 19.Qb2 Bxc5 20.bxc5 Na4 21.Qxd4 
Qxd4 22.Nxd4 Nxc5 23.Rc1 Na6 24.e3 Kf8 25.Nb3 Ke7 26.Na5 Nc7 27.d4 Kd6 28.
Nc4+ Ke7 29.Na5 Nb5 30.Rb1 Nd6 31.h3 Kd7 32.Rc1 Kc7 33.d5 c5 34.Rxc5+ Kb6 
35.Nb3 Bd7 36.Rc1 Rc8 37.Rb1 Rc3 38.e4 f6 39.Nd4+ Ka5 40.f4 Rd3 41.Nb3+ 
1-0

[Event "33rd World U20 ch"]
[Site "Matinhos BRA"]
[Date "1994.09.??"]
[Round "3"]
[White "Singh, Gurpreetpal"]
[Black "Renteria Becerra, Jorge"]
[Result "1/2-1/2"]
[WhiteElo "2350"]
[BlackElo "2205"]
[EventDate "1994.09.03"]
[PlyCount "88"]

1.e4 c5 2.Nf3 d6 3.d4 cxd4 4.Nxd4 Nf6 5.Nc3 a6 6.Bg5 e6 7.f4 Be7 8.Qf3 Qc7
9.O-O-O Nbd7 10.Bd3 h6 11.Bh4 g5 12.fxg5 Ne5 13.Qe2 Nfg4 14.Nf3 Nxf3 15.
gxf3 hxg5 16.Bg3 Ne5 17.Qf2 Bd7 18.h4 gxh4 19.Bxh4 Bxh4 20.Rxh4 O-O-O 21.
Be2 Qc5 22.Qxc5+ dxc5 23.Rdh1 Rxh4 24.Rxh4 Rg8 25.Rh5 f6 26.f4 Be8 27.fxe5
Bxh5 28.Bxh5 Rg5 29.Bf3 Rxe5 30.Kd2 Kc7 31.Ke3 Rg5 32.Ne2 Kd6 33.Kf4 c4 
34.Ke3 Rb5 35.b3 Ra5 36.a4 cxb3 37.cxb3 Rg5 38.Nf4 Rg1 39.Nd3 Rb1 40.b4 a5
41.bxa5 Ra1 42.e5+ fxe5 43.Bxb7 Rxa4 44.a6 Kc7 1/2-1/2

[Event "33rd World U20 ch"]
[Site "Matinhos BRA"]
[Date "1994.09.??"]
[Round "3"]
[White "Szuhanek, Ranko"]
[Black "Vitor, Antonio"]
[Result "1-0"]
[WhiteElo "2350"]
[BlackElo "2195"]
[EventDate "1994.09.03"]
[PlyCount "85"]

1.c4 Nc6 2.Nf3 d6 3.g3 e5 4.d3 g6 5.Bg2 Bg7 6.Nc3 Be6 7.O-O Qc8 8.Nd5 Nce7
9.Ng5 Bd7 10.Qb3 c6 11.Ne4 Nf5 12.Ne3 Bf8 13.Nxf5 gxf5 14.Nc3 Ne7 15.e4 f4
16.Ne2 Rg8 17.d4 Ng6 18.Kh1 Bh3 19.Bxh3 Qxh3 20.Rg1 fxg3 21.Qxg3 Qd7 22.
Be3 O-O-O 23.Rad1 Bg7 24.Qg4 Qxg4 25.Rxg4 exd4 26.Bxd4 Ne5 27.Rg2 Bh6 28.
Rxg8 Rxg8 29.c5 Nc4 30.cxd6 Nxd6 31.Ng3 Nb5 32.Be5 Rd8 33.Rxd8+ Kxd8 34.a4
Nc7 35.Nf5 Bf8 36.Bd6 Bxd6 37.Nxd6 Ne6 38.b4 Kd7 39.Nxb7 c5 40.Nxc5+ Nxc5 
41.bxc5 Kc6 42.f4 Kxc5 43.Kg2 1-0

[Event "33rd World U20 ch"]
[Site "Matinhos BRA"]
[Date "1994.09.??"]
[Round "3"]
[White "Meldrum, Andrew"]
[Black "Dias, Anderson Tatsch"]
[Result "1/2-1/2"]
[WhiteElo "2120"]
[BlackElo "2190"]
[EventDate "1994.09.03"]
[PlyCount "140"]

1.d4 Nf6 2.Nf3 g6 3.c4 Bg7 4.Nc3 O-O 5.e4 d6 6.h3 c6 7.Be2 Nbd7 8.Be3 e5 
9.d5 c5 10.Nd2 Ne8 11.g4 a6 12.a3 Nc7 13.b4 b6 14.h4 a5 15.bxc5 Nxc5 16.
Rb1 N7a6 17.g5 Bd7 18.Nf3 Rb8 19.h5 Qe7 20.Nh4 Rfc8 21.Kd2 a4 22.Qg1 Nb3+ 
23.Kd1 Nd4 24.Qf1 Nc5 25.hxg6 fxg6 26.Nf3 Rf8 27.Nd2 Ncb3 28.Nb5 Nxb5 29.
cxb5 Nd4 30.Rg1 Rfc8 31.Bc4 Rc5 32.Rb4 Rbc8 33.Bxd4 exd4 34.Qd3 Qf7 35.Ke2
Rf8 36.Qg3 Be5 37.Qg2 Bf4 38.Rf1 Qe7 39.Rg1 Re8 40.Kd3 Bxd2 41.Kxd2 Qxe4 
42.Qxe4 Rxe4 43.Rxa4 Bxb5 44.Bxb5 Rxb5 45.Ra8+ Kg7 46.Ra7+ Kf8 47.Rh1 Re7 
48.Rxe7 Kxe7 49.Rxh7+ Kf8 50.Kd3 Rxd5 51.f4 Ra5 52.Kxd4 Ra4+ 53.Kd5 Rxf4 
54.Kxd6 Rf5 55.Kc6 b5 56.Rb7 Rf3 57.Rxb5 Rxa3 58.Kd6 Ra6+ 59.Ke5 Kg7 60.
Rb7+ Kg8 61.Re7 Kf8 62.Re6 Ra5+ 63.Kf6 Ra8 64.Kxg6 Kg8 65.Kh6 Rb8 66.Rg6+ 
Kh8 67.Rc6 Kg8 68.Rc7 Ra8 69.g6 Rb8 70.Rg7+ Kh8 1/2-1/2

[Event "33rd World U20 ch"]
[Site "Matinhos BRA"]
[Date "1994.09.??"]
[Round "4"]
[White "Vescovi, Giovanni"]
[Black "Oratovsky, Michael"]
[Result "1-0"]
[WhiteElo "2455"]
[BlackElo "2520"]
[EventDate "1994.09.03"]
[PlyCount "95"]

1.e4 c5 2.Nf3 e6 3.d4 cxd4 4.Nxd4 a6 5.Bd3 g6 6.Be3 Bg7 7.Nd2 d6 8.O-O Nf6
9.Nc4 O-O 10.Nb3 Nc6 11.Bb6 Qe7 12.Re1 Nd7 13.Bc7 b5 14.Bxd6 Qd8 15.Bxf8 
Qxf8 16.Ncd2 Bxb2 17.Rb1 Bc3 18.Re3 Qg7 19.Nf3 Nb6 20.Bf1 Bb4 21.Nbd4 Nxd4
22.Rxb4 Nc6 23.Rb1 Qf8 24.c4 Nxc4 25.Bxc4 bxc4 26.Rc3 Qc5 27.Nd2 Ne5 28.
Nxc4 Nxc4 29.Rbc1 Qf8 30.Rxc4 e5 31.Qa4 Be6 32.R4c2 Qd6 33.Qc6 Qxc6 34.
Rxc6 Bxa2 35.Ra1 Rd8 36.Rxa6 Be6 37.R6a5 f6 38.Ra8 Rxa8 39.Rxa8+ Kg7 40.
Ra7+ Bf7 41.Kf1 g5 42.Ke2 h5 43.Kd3 Kg6 44.h3 Bb3 45.Kc3 Bd1 46.Ra2 Kf7 
47.Kb4 h4 48.f3 1-0

[Event "33rd World U20 ch"]
[Site "Matinhos BRA"]
[Date "1994.09.??"]
[Round "4"]
[White "Spangenberg, Hugo"]
[Black "Mariano, Nelson"]
[Result "1-0"]
[WhiteElo "2530"]
[BlackElo "2345"]
[EventDate "1994.09.03"]
[PlyCount "149"]

1.e4 c5 2.Nf3 d6 3.d4 cxd4 4.Nxd4 Nf6 5.Nc3 a6 6.Be3 Ng4 7.Bg5 h6 8.Bh4 g5
9.Bg3 Bg7 10.Qd2 Nc6 11.Nb3 Be6 12.h4 gxh4 13.Bxh4 Rc8 14.O-O-O Nb4 15.Kb1
Qb6 16.f3 Ne3 17.Bf2 Rxc3 18.bxc3 Nxd1 19.Bxb6 Nxc3+ 20.Kc1 Nbxa2+ 21.Kb2 
Nxe4+ 22.Qd4 Bxd4+ 23.Bxd4 Nf2 24.Bxh8 Nxh1 25.Kxa2 Ng3 26.Bd3 f6 27.Bg7 
Nf5 28.Bxf5 Bxf5 29.Kb2 h5 30.g3 Be6 31.Nd2 Bd5 32.Ka3 Kf7 33.Bh6 e5 34.
Be3 Bc6 35.Kb4 f5 36.f4 Ke6 37.Ka5 Bg2 38.Kb6 Bd5 39.c4 Bg2 40.Nb3 Bf1 41.
Na5 d5 42.c5 d4 43.Bc1 exf4 44.Bxf4 Kd5 45.Nxb7 Bb5 46.Na5 d3 47.Nb3 Ba4 
48.Nd2 Be8 49.Be3 Bb5 50.Bf2 Ke5 51.c6 f4 52.c7 Bd7 53.Kc5 fxg3 54.Bxg3+ 
Kf5 55.Kd4 Kg4 56.Bd6 Bf5 57.Ke3 h4 58.Ne4 Kh3 59.Nf2+ Kg2 60.Nxd3 h3 61.
Ne1+ Kf1 62.Nf3 Bc8 63.Kd4 Kg2 64.Nh2 Kg1 65.Kc5 Kg2 66.Kb6 Kg1 67.Nf3+ 
Kg2 68.Ne1+ Kg1 69.Be5 Bf5 70.Nf3+ Kf2 71.Nd4 Bc8 72.Nb3 Kg2 73.Nc5 h2 74.
Bxh2 Kxh2 75.Kc6 1-0

[Event "33rd World U20 ch"]
[Site "Matinhos BRA"]
[Date "1994.09.??"]
[Round "4"]
[White "Pedersen, Steffen"]
[Black "Gretarsson, Helgi Ass"]
[Result "1/2-1/2"]
[WhiteElo "2415"]
[BlackElo "2450"]
[EventDate "1994.09.03"]
[PlyCount "30"]

1.d4 d5 2.c4 c6 3.Nf3 Nf6 4.Nc3 dxc4 5.a4 Na6 6.e4 Bg4 7.Bxc4 e6 8.Be3 Nb4
9.O-O Be7 10.a5 Bxf3 11.gxf3 O-O 12.Qe2 b5 13.axb6 axb6 14.Rad1 Qc7 15.f4 
Rfd8 1/2-1/2

[Event "33rd World U20 ch"]
[Site "Matinhos BRA"]
[Date "1994.09.??"]
[Round "4"]
[White "Iordachescu, Viorel"]
[Black "Votava, Jan"]
[Result "0-1"]
[WhiteElo "2435"]
[BlackElo "2410"]
[EventDate "1994.09.03"]
[PlyCount "160"]

1.e4 e5 2.Nf3 Nc6 3.Bc4 Nf6 4.d3 Be7 5.O-O O-O 6.Re1 d6 7.a3 Be6 8.Nbd2 
Qd7 9.c3 h6 10.Bb5 a6 11.Ba4 b5 12.Bc2 Nh7 13.h3 Bf6 14.Nf1 Ne7 15.d4 Qd8 
16.Ne3 Ng5 17.Nh2 Ng6 18.Neg4 Be7 19.Nf1 Qc8 20.Ng3 Nh4 21.Rf1 c5 22.f4 
Bxg4 23.hxg4 exf4 24.Nf5 Nxf5 25.gxf5 cxd4 26.cxd4 Bf6 27.Bxf4 Qc4 28.Be3 
Rae8 29.Rf4 Qc6 30.Rc1 Qb7 31.Rg4 Re7 32.Qd3 Rxe4 33.Rxe4 Nxe4 34.Qxe4 
Qxe4 35.Bxe4 Re8 36.Kf2 Rxe4 37.Rc8+ Kh7 38.Kf3 d5 39.Rc6 Bxd4 40.Bxd4 
Rxd4 41.Rxa6 Rd3+ 42.Kf4 Rb3 43.Rd6 Rxb2 44.Rxd5 Rxg2 45.Rxb5 h5 46.Rb7 f6
47.Kf3 Rg1 48.Rb2 Ra1 49.Rb3 Kh6 50.Kf4 Rf1+ 51.Rf3 Rc1 52.Re3 Rf1+ 53.Rf3
Rh1 54.Kg3 Rg1+ 55.Kh3 Rg4 56.Rf2 Rd4 57.Rf3 Ra4 58.Kg2 h4 59.Rc3 Rg4+ 60.
Kh3 Kg5 61.Rb3 Ra4 62.Rf3 Ra5 63.Rb3 Rxf5 64.a4 Rf1 65.Ra3 Rh1+ 66.Kg2 Rb1
67.a5 Rb7 68.a6 Ra7 69.Kf3 Kh5 70.Ra4 g5 71.Ra5 f5 72.Ra4 Kg6 73.Ra5 Kh5 
74.Ra4 f4 75.Ra1 h3 76.Ra2 Kh4 77.Ra4 g4+ 78.Kxf4 h2 79.Ra1 g3 80.Kf3 Kh3 
0-1

[Event "33rd World U20 ch"]
[Site "Matinhos BRA"]
[Date "1994.09.??"]
[Round "4"]
[White "Kumaran, Dharshan"]
[Black "Szuhanek, Ranko"]
[Result "1-0"]
[WhiteElo "2495"]
[BlackElo "2350"]
[EventDate "1994.09.03"]
[PlyCount "51"]

1.d4 Nf6 2.c4 g6 3.Nc3 Bg7 4.e4 d6 5.Be2 O-O 6.Be3 e5 7.d5 c6 8.g4 cxd5 9.
cxd5 a6 10.a4 Qa5 11.Bd2 Ne8 12.Nh3 Qd8 13.Rg1 f5 14.gxf5 gxf5 15.Ng5 Qf6 
16.exf5 Qxf5 17.Be3 Nf6 18.Bd3 e4 19.Ncxe4 Qe5 20.Nxf6+ Rxf6 21.Bxh7+ Kf8 
22.Be4 Kg8 23.Bd4 Qxh2 24.Rh1 Qf4 25.Bxf6 Bxf6 26.Qh5 1-0

[Event "33rd World U20 ch"]
[Site "Matinhos BRA"]
[Date "1994.09.??"]
[Round "4"]
[White "Al-Modiahki, Mohamad"]
[Black "Relange, Eloi"]
[Result "1-0"]
[WhiteElo "2370"]
[BlackElo "2445"]
[EventDate "1994.09.03"]
[PlyCount "77"]

1.e4 e6 2.d4 d5 3.Nc3 Bb4 4.Ne2 dxe4 5.a3 Bxc3+ 6.Nxc3 Nc6 7.d5 Nce7 8.Qg4
Nxd5 9.Nxd5 exd5 10.Qxg7 Qf6 11.Bh6 Qxh6 12.Qxh8 Kf8 13.Qe5 c6 14.Be2 Ne7 
15.O-O Qg7 16.Qxg7+ Kxg7 17.f3 f5 18.Rae1 Ng6 19.h3 Be6 20.g4 e3 21.f4 Rf8
22.c3 c5 23.Kh2 d4 24.cxd4 cxd4 25.Kg3 Ne7 26.Rc1 Rd8 27.Bd3 Bd5 28.Rc7 
Kf6 29.Rd1 Bc6 30.Bc4 b5 31.g5+ Kg6 32.Rxe7 bxc4 33.Re6+ Kg7 34.Rxc6 d3 
35.Re6 e2 36.Rd2 Rd4 37.Kf3 Re4 38.Rxe2 d2 39.Rd6 1-0

[Event "33rd World U20 ch"]
[Site "Matinhos BRA"]
[Date "1994.09.??"]
[Round "4"]
[White "Cukier, Marcelo"]
[Black "Nalbandian, Tigran"]
[Result "0-1"]
[WhiteElo "2290"]
[BlackElo "2455"]
[EventDate "1994.09.03"]
[PlyCount "94"]

1.e4 e6 2.d3 c5 3.g3 Nc6 4.Bg2 g6 5.Ne2 Bg7 6.O-O Nge7 7.c3 O-O 8.Be3 d6 
9.a4 Rb8 10.Nd2 a6 11.f4 b5 12.axb5 axb5 13.g4 f5 14.gxf5 exf5 15.Ng3 Qc7 
16.Nf3 Kh8 17.Qd2 b4 18.Ng5 Bd7 19.exf5 Nxf5 20.Nxf5 Rxf5 21.Be4 Ne7 22.
Ra6 Rf6 23.Rfa1 h6 24.Ra7 Qc8 25.Nf3 bxc3 26.bxc3 Re6 27.Nh4 d5 28.Bg2 d4 
29.Bf2 dxc3 30.Qd1 Kh7 31.Be4 Rf6 32.Qc1 Nf5 33.Nf3 Nd6 34.Ne5 Nxe4 35.
Nxd7 Rf7 36.Nxb8 Qg4+ 37.Kf1 Nd2+ 38.Ke1 Nf3+ 39.Kf1 Nxh2+ 40.Ke1 Nf3+ 41.
Kf1 Nd2+ 42.Ke1 Qg2 43.Kd1 Qf3+ 44.Kc2 c4 45.dxc4 Qe4+ 46.Kd1 Nxc4 47.Qc2 
Nb2+ 0-1

[Event "33rd World U20 ch"]
[Site "Matinhos BRA"]
[Date "1994.09.??"]
[Round "4"]
[White "Kovacevic, Blazimir"]
[Black "Waitzkin, Joshua"]
[Result "1/2-1/2"]
[WhiteElo "2315"]
[BlackElo "2415"]
[EventDate "1994.09.03"]
[PlyCount "96"]

1.d4 Nf6 2.c4 c5 3.d5 b5 4.cxb5 a6 5.b6 e6 6.Nc3 Nxd5 7.Nxd5 exd5 8.Qxd5 
Nc6 9.Nf3 Rb8 10.Ne5 Qf6 11.Nxc6 dxc6 12.Qe4+ Be7 13.g3 O-O 14.Bg2 Rxb6 
15.O-O Be6 16.Bf4 Qd4 17.Be5 Qxe4 18.Bxe4 f5 19.Bd3 c4 20.Bc2 Bf6 21.Bxf6 
Rxf6 22.b3 Rf8 23.Rfc1 cxb3 24.axb3 g6 25.Ra3 Kf7 26.Bd3 Ra8 27.Bc4 Ke7 
28.f3 h6 29.Kf2 Kd6 30.Bxe6 Kxe6 31.Rc4 Kd5 32.g4 Rxb3 33.Raa4 c5 34.gxf5 
gxf5 35.Rh4 Rb4 36.Rhxb4 cxb4 37.Rxb4 a5 38.Ra4 Kc5 39.Kg3 Kb5 40.Ra1 a4 
41.Kf4 Rf8 42.e4 fxe4+ 43.Kxe4 Ra8 44.f4 Kc6 45.Kf5 Kd7 46.Kg6 Ke7 47.Ra3 
Ra6+ 48.Kg7 Ke6 1/2-1/2

[Event "33rd World U20 ch"]
[Site "Matinhos BRA"]
[Date "1994.09.??"]
[Round "4"]
[White "Pcola, Pavol"]
[Black "Escobedo Tinajero, Alberto"]
[Result "1/2-1/2"]
[WhiteElo "2280"]
[BlackElo "2325"]
[EventDate "1994.09.03"]
[PlyCount "106"]

1.Nf3 d5 2.d4 Nf6 3.Bg5 c6 4.Nbd2 h6 5.Bxf6 exf6 6.e3 Bd6 7.c4 O-O 8.cxd5 
cxd5 9.Qb3 Re8 10.Qxd5 Rxe3+ 11.Kd1 Re8 12.Ne4 Bf8 13.Qxd8 Rxd8 14.Nc3 Nc6
15.d5 Be6 16.Bc4 Nb4 17.Ke2 Nxd5 18.Nxd5 Bxd5 19.Bxd5 Rxd5 20.Rhd1 Re8+ 
21.Kf1 Red8 22.Rdc1 Bc5 23.Rc2 g5 24.Rac1 Bb6 25.h3 f5 26.Rc4 Kg7 27.Re1 
Rd1 28.Rxd1 Rxd1+ 29.Ke2 Rb1 30.Rc2 g4 31.Ne1 Bd4 32.b3 Rb2 33.Rxb2 Bxb2 
34.f3 h5 35.Ke3 Bc1+ 36.Kd4 Kf6 37.Nd3 Bh6 38.f4 Ke6 39.Kc4 Kd6 40.a4 h4 
41.b4 Bxf4 42.Nxf4 Ke5 43.Nh5 Ke4 44.Nf6+ Kf4 45.Kd3 Kg3 46.hxg4 fxg4 47.
Ke2 h3 48.gxh3 gxh3 49.Ne4+ Kg2 50.Nf2 h2 51.Nh1 f5 52.b5 Kxh1 53.Kf2 b6 
1/2-1/2

[Event "33rd World U20 ch"]
[Site "Matinhos BRA"]
[Date "1994.09.??"]
[Round "4"]
[White "Vitor, Antonio"]
[Black "Pelletier, Yannick"]
[Result "0-1"]
[WhiteElo "2195"]
[BlackElo "2350"]
[EventDate "1994.09.03"]
[PlyCount "110"]

1.g3 d5 2.Bg2 c6 3.Nf3 Bg4 4.O-O Nd7 5.d3 Ngf6 6.Qe1 e5 7.e4 dxe4 8.dxe4 
Bc5 9.h3 Be6 10.Qe2 h6 11.Nbd2 Qc7 12.Re1 O-O 13.Nh4 b5 14.Nf1 Rfd8 15.g4 
Nf8 16.Ng3 N6d7 17.Nhf5 Ng6 18.Nh5 Bf8 19.Qe3 Nb6 20.Qg3 f6 21.h4 Qf7 22.
Kh2 Ne7 23.Bh3 Bxf5 24.exf5 Nxf5 25.Nxf6+ Qxf6 26.gxf5 Rd4 27.h5 Rh4 28.
Qg6 Nd5 29.Kg3 Rd4 30.Qxf6 Nxf6 31.Be3 Nxh5+ 32.Kf3 Rdd8 33.Rad1 Nf6 34.
Ke2 Kf7 35.a3 Nd5 36.Bc1 Kf6 37.Rg1 Ne7 38.Be3 Nxf5 39.Rxd8 Rxd8 40.Bxa7 
g5 41.Bg2 c5 42.c3 h5 43.a4 bxa4 44.Ra1 Nh4 45.Be4 Ng6 46.Rxa4 Nf4+ 47.Ke3
Rd1 48.Bb8 g4 49.Bc2 Re1+ 50.Kd2 Re2+ 51.Kd1 Rxf2 52.Ra6+ Kg5 53.Bxe5 g3 
54.Be4 h4 55.Ra8 Ng6 0-1

[Event "33rd World U20 ch"]
[Site "Matinhos BRA"]
[Date "1994.09.??"]
[Round "4"]
[White "Pingitzer, Harald"]
[Black "Riegler, Primoz"]
[Result "1/2-1/2"]
[WhiteElo "2250"]
[BlackElo "2250"]
[EventDate "1994.09.03"]
[PlyCount "113"]

1.e4 c5 2.Nf3 Nc6 3.d4 cxd4 4.Nxd4 Nf6 5.Nc3 d6 6.g3 g6 7.Bg2 Nxd4 8.Qxd4 
Bg7 9.O-O O-O 10.Qb4 Qc7 11.Bg5 a5 12.Qa3 Be6 13.Rac1 h6 14.Bxf6 Bxf6 15.
Nd5 Bxd5 16.exd5 b5 17.Qb3 b4 18.c4 bxc3 19.bxc3 Rfb8 20.Qa3 Ra7 21.Rc2 
Rab7 22.Bf3 Kg7 23.Kg2 Rb5 24.c4 Rb4 25.Qd3 Qc5 26.Re1 R8b7 27.Rd1 Rc7 28.
Be2 Qb6 29.Qe3 Rc5 30.h4 h5 31.Bd3 Qb7 32.Kh2 Qb6 33.f4 Rcxc4 34.Qxb6 
Rxc2+ 35.Bxc2 Rxb6 36.Rb1 Bb2 37.Kg2 Rb4 38.Kf3 Kh6 39.Ke2 Kg7 40.Kf3 Kf6 
41.a4 e6 42.dxe6 fxe6 43.Bd3 e5 44.fxe5+ dxe5 45.Be4 g5 46.hxg5+ Kxg5 47.
Bc2 h4 48.gxh4+ Kxh4 49.Rh1+ Kg5 50.Rg1+ Kh6 51.Rg6+ Kh5 52.Rc6 Rf4+ 53.
Ke2 Bd4 54.Ra6 Bc3 55.Ra8 Rd4 56.Kf3 Rd2 57.Be4 1/2-1/2

[Event "33rd World U20 ch"]
[Site "Matinhos BRA"]
[Date "1994.09.??"]
[Round "4"]
[White "Del Rio Angelis, Salvador Gabriel"]
[Black "Meldrum, Andrew"]
[Result "1-0"]
[WhiteElo "2350"]
[BlackElo "2120"]
[EventDate "1994.09.03"]
[PlyCount "81"]

1.e4 e6 2.d4 d5 3.Nd2 Nf6 4.e5 Nfd7 5.Bd3 c5 6.c3 Nc6 7.Ne2 Qb6 8.Nf3 cxd4
9.cxd4 f6 10.exf6 Nxf6 11.O-O Bd6 12.Nc3 O-O 13.Be3 Kh8 14.a3 Bd7 15.Ne5 
Be8 16.Na4 Qc7 17.f4 Bh5 18.Qe1 Ng4 19.Nxg4 Bxg4 20.Bxh7 Bf5 21.Bxf5 exf5 
22.Nc3 Qf7 23.Qe2 Rad8 24.Qf3 Bb8 25.b4 a6 26.Rab1 Rfe8 27.b5 Na5 28.bxa6 
bxa6 29.Bf2 Nc4 30.Rfd1 Ba7 31.Na4 Rb8 32.Rxb8 Rxb8 33.Nc5 a5 34.Re1 Nd6 
35.Qc3 Qc7 36.Qh3+ Kg8 37.Na6 Qc8 38.Nxb8 Qxb8 39.Qd3 Ne4 40.Be3 Qd6 41.
Rb1 1-0

[Event "33rd World U20 ch"]
[Site "Matinhos BRA"]
[Date "1994.09.??"]
[Round "4"]
[White "Dominguez Diaz, Mauricio"]
[Black "Barria Zuniga, Daniel"]
[Result "1/2-1/2"]
[WhiteElo "2085"]
[BlackElo "2340"]
[EventDate "1994.09.03"]
[PlyCount "27"]

1.e4 g6 2.Nf3 Bg7 3.d3 c5 4.g3 Nc6 5.Bg2 d6 6.O-O e5 7.Re1 Nge7 8.c3 O-O 
9.Nbd2 h6 10.Nh4 g5 11.Nhf3 Be6 12.Nf1 Qd7 13.h4 f6 14.Be3 1/2-1/2

[Event "33rd World U20 ch"]
[Site "Matinhos BRA"]
[Date "1994.09.??"]
[Round "4"]
[White "Milanovic, Danilo"]
[Black "Russo, Guilherme"]
[Result "1-0"]
[WhiteElo "2325"]
[BlackElo "2010"]
[EventDate "1994.09.03"]
[PlyCount "71"]

1.d4 d5 2.c4 c6 3.Nc3 Nf6 4.Nf3 dxc4 5.a4 Bf5 6.e3 e6 7.Bxc4 Bb4 8.O-O O-O
9.Bd2 Nbd7 10.Qb3 Qe7 11.Rfe1 Bg6 12.Nh4 a5 13.Nxg6 hxg6 14.e4 e5 15.dxe5 
Ng4 16.Be2 Ndxe5 17.Rf1 Rad8 18.Rad1 Qh4 19.Bf4 Bc5 20.Bg3 Qe7 21.h3 Nf6 
22.Kh2 g5 23.Qc2 Bd4 24.Qc1 Ne8 25.f4 gxf4 26.Qxf4 Nf6 27.Rxd4 Rxd4 28.
Qxe5 Qb4 29.Qf5 Nxe4 30.Nxe4 Rxe4 31.Bd3 g6 32.Qg5 Rd4 33.Bxg6 f6 34.Rxf6 
Rxf6 35.Qxf6 Qf8 36.Bh7+ 1-0

[Event "33rd World U20 ch"]
[Site "Matinhos BRA"]
[Date "1994.09.??"]
[Round "5"]
[White "Oratovsky, Michael"]
[Black "Kumaran, Dharshan"]
[Result "1-0"]
[WhiteElo "2520"]
[BlackElo "2495"]
[EventDate "1994.09.03"]
[PlyCount "89"]

1.e4 c6 2.d4 d5 3.Nd2 dxe4 4.Nxe4 Nd7 5.Bc4 Ngf6 6.Nxf6+ Nxf6 7.c3 Qc7 8.
Qf3 g6 9.Bf4 Qa5 10.h3 Bg7 11.Ne2 O-O 12.Be5 b5 13.Bb3 Bb7 14.O-O Qb6 15.
Nf4 c5 16.dxc5 Qxc5 17.Qxb7 Qxe5 18.Nd3 Qf5 19.Rad1 Qd7 20.Bxf7+ Kh8 21.
Qxd7 Nxd7 22.Bd5 Rad8 23.Bc6 a6 24.Bxd7 Rxd7 25.Nc5 Ra7 26.Ne6 Rc8 27.Rd5 
Bf6 28.g4 Kg8 29.g5 Bh8 30.Rfd1 Kf7 31.Nd8+ Ke8 32.a3 Be5 33.Rxe5 Rxd8 34.
Rxd8+ Kxd8 35.Rd5+ Ke8 36.f4 Kf7 37.Kf2 Ke6 38.Rd8 Rb7 39.Ke3 a5 40.Kd4 b4
41.axb4 axb4 42.c4 b3 43.c5 Rb4+ 44.Kc3 Rxf4 45.Kxb3 1-0

[Event "33rd World U20 ch"]
[Site "Matinhos BRA"]
[Date "1994.09.??"]
[Round "5"]
[White "Nalbandian, Tigran"]
[Black "Spangenberg, Hugo"]
[Result "1/2-1/2"]
[WhiteElo "2455"]
[BlackElo "2530"]
[EventDate "1994.09.03"]
[PlyCount "66"]

1.Nf3 d6 2.d4 Bg4 3.c4 Bxf3 4.gxf3 Nd7 5.Qb3 Rb8 6.Nc3 g6 7.Bd2 Bg7 8.e3 
a6 9.f4 Ngf6 10.Be2 b5 11.Qc2 c6 12.h4 e6 13.h5 O-O 14.Rb1 bxc4 15.hxg6 
hxg6 16.Bxc4 c5 17.dxc5 Nxc5 18.b4 d5 19.bxc5 dxc4 20.Rxb8 Qxb8 21.Ke2 Rd8
22.Rc1 Qb7 23.f3 Nd5 24.Ne4 c3 25.Nxc3 Nxc3+ 26.Bxc3 Qb5+ 27.Kf2 Qxc5 28.
Bxg7 Qxc2+ 29.Rxc2 Kxg7 30.Ke2 Rd5 31.Rc4 Kh6 32.Ra4 a5 33.Rc4 Rb5 1/2-1/2